| 000 | 00372nam a2200145Ia 4500 | ||
|---|---|---|---|
| 008 | 240624s9999 xx 000 0 und d | ||
| 041 | _aeng | ||
| 082 | _a658.406 BRO | ||
| 100 | _aBROWN DONALD R | ||
| 245 | _aEXPERIENTIAL APPROACH TO ORGANIZATIONDEV | ||
| 250 | _a(7th ed.) | ||
| 260 |
_c2006 _aNew Delhi _bPearson Education |
||
| 300 | _a528p. ; 27cm. | ||
| 365 |
_cRS _b33 |
||
| 999 |
_c4261 _d4261 |
||